000 00183nam a2200085Ia 4500
008 170620s9999 xx 000 0 und d
100 _aVerma -V. P
245 0 _aCorporate Law
260 _bTaxmanns
260 _c1998
999 _c28387
_d28387